Central Library OPAC University of Rajshahi

The best use of economic resources / (Record no. 3256)

MARC details
000 -LEADER
fixed length control field 00911cam a22002651 4500
001 - CONTROL NUMBER
control field 3256
003 - CONTROL NUMBER IDENTIFIER
rucl marc code BD-RjUL
005 - DATE AND TIME OF LATEST TRANSACTION
control field 20211208233712.0
008 - FIXED-LENGTH DATA ELEMENTS--GENERAL INFORMATION
fixed length control field 131218s1965 nyua 001 0 eng
035 ## - SYSTEM CONTROL NUMBER
System control number (BD-RjUL)3290
System control number (OCoLC)4869045
040 ## - CATALOGING SOURCE
Original cataloging agency DLC
Transcribing agency PPiC
Modifying agency Uk
-- DLC
-- BD-RjUL
Language of cataloging eng
041 1# - LANGUAGE CODE
Language code of text/sound track or separate title eng
Language code of original rus
082 ## - DEWEY DECIMAL CLASSIFICATION NUMBER
Classification number 658.5
Author mark and year KAB 1965
100 1# - MAIN ENTRY--PERSONAL NAME
Personal name Kantorovich, L. V.
Fuller form of name (Leonid Vitalʹevich),
Dates associated with a name 1912-1986.
9 (RLIN) 10288
245 14 - TITLE STATEMENT
Title The best use of economic resources /
Statement of responsibility, etc. by L.V. Kantorovich. English ed. edited by G. Morton. Translated from the Russian by P.F. Knightsfield.
260 ## - PUBLICATION, DISTRIBUTION, ETC. (IMPRINT)
Place of publication, distribution, etc. New York ;
Name of publisher, distributor, etc. Pergamon Press;
Date of publication, distribution, etc. c1965.
300 ## - PHYSICAL DESCRIPTION
Pagination xxxiii, 349 p. :
Illustrations illus. ;
Size 23 cm.
504 ## - BIBLIOGRAPHY, ETC. NOTE
Bibliography, etc Includes Index & bibliographical references.
650 #0 - SUBJECT ADDED ENTRY--TOPICAL TERM
Topical term or geographic name as entry element Industrial efficiency.
9 (RLIN) 6102
Topical term or geographic name as entry element Industrial management.
9 (RLIN) 10289
942 ## - ADDED ENTRY ELEMENTS (KOHA)
Source of classification or shelving scheme Dewey Decimal Classification
Koha item type Books
Holdings
Lost status Source of classification or shelving scheme Damaged status Not for loan Collection code Permanent Location Current Location Shelving location Date acquired Source of acquisition Cost, normal purchase price Total Checkouts Full call number Date last seen Copy number Koha item type
  Dewey Decimal Classification   Not For Loan Non-fiction Central Library, University of Rajshahi Central Library, University of Rajshahi   12/06/1967 Everyman Book House. 5.00   658.5 KAB 1965 18/12/2013 C-1 Books